[Event "XXXIII Abierto Ciudad de Sevilla"]
[Site "?"]
[Date "2008.01.12"]
[Round "9"]
[White "Van Hoolandt, P."]
[Black "Bengoa Diaz, J."]
[Result "1-0"]
[WhiteElo "2216"]
[BlackElo "1971"]
[PlyCount "45"]
[EventDate "2008.01.05"]
[SourceDate "2008.01.05"]

1. d4 d5 2. c4 e6 3. Nf3 Nf6 4. Nc3 c6 5. Qc2 Nbd7 6. cxd5 exd5 7. Bg5 Bd6 8.
e3 O-O 9. Bd3 Qc7 10. O-O Re8 11. Rfc1 h6 12. Nb5 Qb8 13. Nxd6 Qxd6 14. Bf4 Qe7
15. h3 Ne4 16. Rab1 Ndf6 17. b4 g5 18. Be5 g4 19. hxg4 Bxg4 20. Nh2 Bd7 21. f3
{Diagrama #} Nd6 22. Qf2 Bf5 23. Bxd6 1-0